Juan Pablo Duarte : (Registro nro. 15679)

Detalles MARC
000 -CABECERA
campo de control de longitud fija 02423nam a2200397 i 4500
003 - IDENTIFICADOR DEL NÚMERO DE CONTROL
campo de control DO-SdBPM
005 - FECHA Y HORA DE LA ÚLTIMA TRANSACCIÓN
campo de control 20260210125400.0
006 - CÓDIGOS DE INFORMACIÓN DE LONGITUD FIJA--CARACTERÍSTICAS DEL MATERIAL ADICIONAL
campo de control de longitud fija a||||gr|||| 00| 0
007 - CAMPO FIJO DE DESCRIPCIÓN FÍSICA--INFORMACIÓN GENERAL
campo de control de longitud fija ta
008 - DATOS DE LONGITUD FIJA--INFORMACIÓN GENERAL
campo de control de longitud fija 230807e2013 dr ac||| |||| 00| 0 spa d
020 ## - NÚMERO INTERNACIONAL ESTÁNDAR DEL LIBRO
Número Internacional Estándar del Libro 9789945445114
040 ## - FUENTE DE LA CATALOGACIÓN
Centro catalogador/agencia de origen DO-SdBPM
Lengua de catalogación spa
Centro/agencia transcriptor BPMSU
Normas de descripción rda
Centro/agencia modificador
082 #4 - NÚMERO DE LA CLASIFICACIÓN DECIMAL DEWEY
Número de clasificación 923.27293
Número de documento/Ítem D812p 2013
Número de edición 22
100 1# - ENTRADA PRINCIPAL--NOMBRE DE PERSONA
Nombre de persona Pérez y Pérez, Rafael L.,
Numeración 1955-
Término indicativo de función/relación autor
245 10 - MENCIÓN DE TÍTULO
Título Juan Pablo Duarte :
Resto del título múltiple y humano /
Mención de responsabilidad, etc. Rafael L. Pérez y Pérez.
250 ## - MENCIÓN DE EDICIÓN
Mención de edición Primera edición
264 #1 - PRODUCCIÓN, PUBLICACIÓN, DISTRIBUCIÓN, FABRICACIÓN Y COPYRIGHT
Producción, publicación, distribución, fabricación y copyright Santo Domingo :
Nombre del de productor, editor, distribuidor, fabricante Edita Libros,
Fecha de producción, publicación, distribución, fabricación o copyright 2013
300 ## - DESCRIPCIÓN FÍSICA
Extensión 93 páginas :
Otras características físicas ilustraciones, retratos ;
Dimensiones 22 cm.
336 ## - TIPO DE CONTENIDO
Fuente rdacontent
Término de tipo de contenido texto
Código de tipo de contenido txt
337 ## - TIPO DE MEDIO
Fuente rdamedia
Nombre/término del tipo de medio sin mediación
Código del tipo de medio n
338 ## - TIPO DE SOPORTE
Fuente rdacarrier
Nombre/término del tipo de soporte volumen
Código del tipo de soporte nc
500 ## - NOTA GENERAL
Nota general Imágenes de la portada: colección "La República Inmortal de Duarte".
500 ## - NOTA GENERAL
Nota general Incluye referencias bibliográficas y notas al pie de las páginas
500 ## - NOTA GENERAL
Nota general Biografía del general de brigada médico internista-oncólogo Dr. Rafael Leónidas Pérez y Pérez, E. N. Abogado politólogo, historiador y escritor.
504 ## - NOTA DE BIBLIOGRAFÍA, ETC.
Nota de bibliografía, etc. Incluye referencias bibliográficas.
505 2# - NOTA DE CONTENIDO CON FORMATO
Nota de contenido con formato Opiniones, vii.-- Prólogo, ix.-- Fechas de nacimiento y muerte de miembros de la familia Duarte-Díez, 17.-- Bibliografía, 21.-- General Juan Pablo Duarte y Díez, E.N., 23.-- Aclaraciones sobre el juramento trinitario, 27.-- Bibliografía, 37.-- El pensamiento constitucional de Duarte y su concepto del Estado, 39.-- Bibliografía, 51.-- Juan Pablo Duarte y el concepto felicidad en su ideario, 53.-- ¨Duarte y su devoción por la Virgen de la Altagracia, 61.-- Palabras de exaltación al fundador de la República, general Juan Pablo Duarte, 67.-- Palabras a nombre del Ministerio de las Fuerzas Armadas, 73.-- Bibliografía, 77.-- Cronología de Juan Pablo Duarte y Díez, fundador de la República, 79.-- Bibliografía, 83.-- ¿Una neibera vio nacer La Trinitaria?, 85.-- Biografía, 91.
590 ## - NOTA LOCAL (RLIN)
Nota local Inventariado 2026 / VM
600 14 - PUNTO DE ACCESO ADICIONAL DE MATERIA--NOMBRE DE PERSONA
Nombre de persona Duarte, Juan Pablo,
Fechas asociadas al nombre 1813-1876.
650 #4 - PUNTO DE ACCESO ADICIONAL DE MATERIA--TÉRMINO DE MATERIA
Término de materia o nombre geográfico como elemento de entrada Estadistas
Subdivisión geográfica República Dominicana
Subdivisión de forma Biografías
651 #4 - PUNTO DE ACCESO ADICIONAL DE MATERIA--NOMBRE GEOGRÁFICO
Nombre geográfico República Dominicana
Subdivisión general Historia
Subdivisión cronológica 1844-1930
651 z# - PUNTO DE ACCESO ADICIONAL DE MATERIA--NOMBRE GEOGRÁFICO
Nombre geográfico Dominican Republic --
Subdivisión general History --
Subdivisión cronológica 1844-1930
700 1# - PUNTO DE ACCESO ADICIONAL--NOMBRE DE PERSONA
Nombre de persona Suazo Ruiz, Sócrates,
Término indicativo de función/relación prólogo.
710 1# - PUNTO DE ACCESO ADICIONAL--NOMBRE DE ENTIDAD CORPORATIVA
Nombre de entidad corporativa o nombre de jurisdicción como elemento de entrada República Dominicana
Unidad subordinada .Ministerio de las Fuerza Armadas
910 ## - DATOS DE OPCIÓN DEL USUARIO (OCLC)
Datos de opción del usuario VMateo V. Control de calidad BPMSU
942 ## - ELEMENTOS DE PUNTO DE ACCESO ADICIONAL (KOHA)
Fuente del sistema de clasificación o colocación Dewey Decimal Classification
Tipo de ítem Koha Libros
Existencias
Estado de retiro Estado de pérdida Fuente del sistema de clasificación o colocación No para préstamo Código de colección Localización permanente Ubicación/localización actual Fecha de adquisición Total de préstamos Signatura topográfica completa Código de barras Fecha visto por última vez Precio válido a partir de Tipo de ítem Koha Número de copia
    Dewey Decimal Classification   Colección Dominicana Biblioteca Pública Metropolitana Salomé Ureña Biblioteca Pública Metropolitana Salomé Ureña 02/10/2026   BPMSU CD 923.27293 D812p 2013 BPMSU26020058 02/10/2026 02/10/2026 Libros  
    Dewey Decimal Classification   Colección Dominicana Biblioteca Pública Metropolitana Salomé Ureña Biblioteca Pública Metropolitana Salomé Ureña 02/10/2026   BPMSU CD 923.27293 D812p 2013 BPMSU26020059 02/10/2026 02/10/2026 Libros e.2